| 000 | 01718nam a2200421 a 4500 | ||
|---|---|---|---|
| 001 | ebr10492024 | ||
| 003 | CaPaEBR | ||
| 006 | m u | ||
| 007 | cr cn||||||||| | ||
| 008 | 900312s1990 pauabf sb 001 0 eng d | ||
| 010 | _z 90034487 | ||
| 020 | _z0812282493 | ||
| 020 | _z0812213173 (pbk.) | ||
| 020 | _z9780812213171 | ||
| 020 | _z9780812202977 (e-book) | ||
| 040 |
_aCaPaEBR _cCaPaEBR |
||
| 035 | _a(OCoLC)759158265 | ||
| 043 |
_aa-vt--- _an-us--- |
||
| 050 | 1 | 4 |
_aDS559.8.W6 _bN67 1990eb |
| 082 | 0 | 4 |
_a959.704/37/0922 _aB _220 |
| 100 | 1 | _aNorman, Elizabeth M. | |
| 245 | 1 | 0 |
_aWomen at war _h[electronic resource] : _bthe story of fifty military nurses who served in Vietnam / _cElizabeth M. Norman. |
| 260 |
_aPhiladelphia : _bUniversity of Pennsylvania Press, _cc1990. |
||
| 300 |
_ax, 211 p., [16] p. of plates : _bill., map. |
||
| 490 | 1 | _aStudies in health, illness, and caregiving | |
| 500 | _aOutgrowth of author's doctoral dissertation. | ||
| 500 | _a"S.S. Repose Sanctuary"--T.p. | ||
| 504 | _aIncludes bibliographical references (p. [185]-206) and index. | ||
| 533 |
_aElectronic reproduction. _bPalo Alto, Calif. : _cebrary, _d2013. _nAvailable via World Wide Web. _nAccess may be limited to ebrary affiliated libraries. |
||
| 650 | 0 |
_aVietnam War, 1961-1975 _xWomen _zUnited States. |
|
| 650 | 0 |
_aVietnam War, 1961-1975 _xMedical care. |
|
| 650 | 0 |
_aNurses _zUnited States. |
|
| 650 | 0 |
_aNurses _zVietnam. |
|
| 655 | 7 |
_aElectronic books. _2local |
|
| 710 | 2 | _aebrary, Inc. | |
| 830 | 0 | _aStudies in health, illness, and caregiving. | |
| 856 | 4 | 0 |
_uhttp://site.ebrary.com/lib/rucke/Doc?id=10492024 _zAn electronic book accessible through the World Wide Web; click to view |
| 999 |
_c126358 _d126358 |
||